000
00224 a2200097 4500
001
34664
100
_a
Austin, Brian
245
_a
Upgrading your PC in easy steps
260
_a
ND
_b
Dreamtech Press
_c
090
_c
22947
_d
22947
942
_a
NUST-CAE
_c
M
_c
14388
999
_c
269737
_d
269737